| 000 | 00985cam a22002418a 4500 | ||
|---|---|---|---|
| 005 | 20131016080632.0 | ||
| 008 | 070307s2007 nyuab b 001 0 eng | ||
| 020 | _a069730809X | ||
| 041 | 0 | _aeng | |
| 080 | _a32 | ||
| 100 | 1 | _aSodaro, Michael J. | |
| 245 | 1 | 0 |
_aComparative politics : _cMichael J. Sodaro ; with contributions by Dean W. Collinwood ... [et al.]. |
| 250 | _a1rd ed. | ||
| 260 |
_aNew York : _bMcGraw-Hill, _cc2001. |
||
| 300 |
_a 869 p. : _bill., maps ; _c25 cm. |
||
| 504 | _aIncludes bibliographical references and index. | ||
| 650 | 0 |
_aPolitika botërore _vTextbooks. |
|
| 700 | 1 | _aCollinwood, Dean Walter | |
| 856 | 4 | 1 |
_3Table of contents only _uhttp://www.loc.gov/catdir/toc/ecip0712/2007009508.html |
| 856 | 4 | 2 |
_3Publisher description _uhttp://www.loc.gov/catdir/enhancements/fy0712/2007009508-d.html |
| 856 | 4 | 2 |
_3Contributor biographical information _uhttp://www.loc.gov/catdir/enhancements/fy0737/2007009508-b.html |
| 942 |
_2udc _cBK |
||
| 999 |
_c131 _d131 |
||